| 000 | 00526nam a2200181 a 4500 | ||
|---|---|---|---|
| 005 | 20140412111318.0 | ||
| 008 | 000821s19uu xx 00 eng d | ||
| 020 | _a0-590-10641-4 | ||
| 050 |
_aTR(PS E _bPa11 1997 |
||
| 100 | _aPilkey, Dav | ||
| 245 |
_aPaperboy (The) / _cstory and paintings by Dav Pilkey. |
||
| 260 |
_aNew York : _bScholastic Inc, _c1997. |
||
| 300 | _a1 v. (unp.) ; ill. | ||
| 500 | _a"Caldecott Honor Book" | ||
| 650 | _aChildren stories-Fiction | ||
| 650 | _aNewspaperboy-Fiction | ||
| 999 |
_c104302 _d104302 |
||